000 00719cab a2200181 4500
001 ##L131216
008 050727n2005 000 0 eng u
035 _a(Sirsi) u131216
041 0 _aeng
100 1 _aMorley, Stuart
245 0 0 _aRetail warehouses - outlook for rental growth
260 _c2005
490 0 _aProperty Forecast
_v8(9) September 2005, 4-5(2)
520 _aThe IPD monthly index for July shows a growth of 6.2% year on year for retail warehouses. Article examines occupational demand, the influence of retail and house prices on the market, five year outlook, supply and rental growth. Graphs.
590 _aIKA111005
690 _aPROPERTY-COMMERCIAL PROPERTY-RETAIL PROPERTY
942 _n0
999 _c104687
_d104687